00461nam a2200145Ia 4500008004100000041000800041082001200049100001800061245002100079260003000100300002300130365001100153999001700164952013400181240624s9999 xx 000 0 und d aeng a823 WOD aWODEHOUSE P G aVERY GOOD JEEVES c2008aLondonbArrow Books a297 : p. : cm ; 22 cRSb20 c16228d16228 00104070aIMTNbIMTNcRack 41-Ad2010-12-16eWBDg225.00l2o823 WODp16228r2025-10-11 00:00:00s2025-10-03t1w2024-06-24yBK